[Event "EU-ch Amateur U2000"]
[Site "Zagreb"]
[Date "2022.08.17"]
[Round "5"]
[White "Tresnak, Filip"]
[Black "Roch, Florian"]
[Result "1/2-1/2"]
[WhiteElo "1937"]
[BlackElo "1915"]
[PlyCount "101"]
[EventDate "2022.08.14"]
[EventType "swiss"]
[EventRounds "9"]
[EventCountry "CRO"]
[SourceTitle "CBM 210 Extra"]
[Source "ChessBase"]
[SourceDate "2022.11.30"]
[SourceVersion "1"]
[SourceVersionDate "2022.11.30"]
[SourceQuality "1"]

1. d4 Nf6 2. c4 e6 3. Nf3 b6 4. g3 Ba6 5. b3 c6 6. Bg2 d5 7. Ne5 Bb4+ 8. Bd2 Be7 9. Bc3 Nfd7 10. Nxd7 Nxd7 11. Nd2 f5 12. 0-0 0-0 13. b4 Qe8 14. b5 cxb5 15. cxd5 Rc8 16. Qb3 exd5 17. Bxd5+ Kh8 18. Rfc1 Nf6 19. Bf3 Qf7 20. Bb2 Kg8 21. Bc6 Bd6 22. Nf3 b4 23. Ne5 Qxb3 24. axb3 Bxe2 25. Rxa7 Rc7 26. Rca1 Bxe5 27. dxe5 Rxc6 28. exf6 gxf6 29. Kg2 Rf7 30. R7a4 Rd7 31. Rxb4 Rd3 32. Bd4 b5 33. Be3 Rd5 34. Ra8+ Kg7 35. Ra7+ Kg6 36. Rh4 h5 37. Ra8 Rd3 38. b4 Re6 39. Rd4 Rxd4 40. Bxd4 Bc4 41. Rd8 Kg7 42. Be3 Re4 43. Rd4 Rxd4 44. Bxd4 Kg6 45. Be3 Be2 46. f3 Kf7 47. Kf2 Bd1 48. Bd4 Kg6 49. Ke3 Bb3 50. Kf4 Bc2 51. Bb2 1/2-1/2

[Event "CZE-ch Amateur"]
[Site "Luhacovice"]
[Date "2022.03.15"]
[Round "5"]
[White "Nemec, Pavel"]
[Black "Tresnak, Filip"]
[Result "1-0"]
[WhiteElo "2223"]
[BlackElo "1931"]
[PlyCount "59"]
[EventDate "2022.03.12"]
[EventType "swiss"]
[EventRounds "9"]
[EventCountry "CZE"]
[SourceTitle "EXT 2023"]
[Source "ChessBase"]
[SourceDate "2022.10.05"]
[SourceVersion "1"]
[SourceVersionDate "2022.10.05"]
[SourceQuality "1"]

1. e4 e6 2. d4 c5 3. d5 exd5 4. exd5 d6 5. Nf3 Nf6 6. Be2 g6 7. 0-0 Bg7 8. Bb5+ Bd7 9. Re1+ Kf8 10. Bf1 h6 11. Bf4 Ne8 12. Nc3 Na6 13. Nd2 Bxc3 14. bxc3 Qf6 15. Bg3 Bf5 16. Rb1 Nac7 17. Rxb7 Nxd5 18. Bc4 Ndc7 19. Ne4 Bxe4 20. Rxe4 Rh7 21. Rxc7 Nxc7 22. Bxd6+ Kg8 23. Bxc7 Qxc3 24. h3 Rc8 25. Qd7 Qa1+ 26. Kh2 Rf8 27. Be5 Qc1 28. Qd6 Qg5 29. Rg4 Qf5 30. Rxg6+ 1-0

[Event "CZE-chT2B 1011"]
[Site "Czech Republic"]
[Date "2011.02.20"]
[Round "8.7"]
[White "Ondrejat, Miroslav"]
[Black "Tresnak, Filip"]
[Result "1-0"]
[WhiteElo "2059"]
[BlackElo "1859"]
[PlyCount "59"]
[EventDate "2010.10.17"]
[EventType "team-tourn"]
[EventRounds "11"]
[EventCountry "CZE"]
[SourceTitle "EXT 2012"]
[Source "ChessBase"]
[SourceDate "2011.11.24"]
[SourceVersion "1"]
[SourceVersionDate "2011.11.24"]
[SourceQuality "1"]
[WhiteTeam "Sokolov"]
[BlackTeam "Lipa"]
[WhiteTeamCountry "CZE"]
[BlackTeamCountry "CZE"]

1. Nf3 g6 2. c4 Bg7 3. Nc3 e5 4. g3 f5 5. d4 e4 6. Ng5 Nc6 7. Be3 Nf6 8. Nh3 Na5 9. Qa4 b6 10. Bg5 0-0 11. e3 c6 12. b4 Nb7 13. Nf4 h6 14. Bxf6 Qxf6 15. Rc1 Nd8 16. c5 b5 17. Qb3+ Kh7 18. a4 a6 19. axb5 axb5 20. Bg2 d5 21. cxd6 Be6 22. Nxe6 Nxe6 23. 0-0 Ra6 24. d5 Ng5 25. dxc6 Rxc6 26. Nxe4 Nxe4 27. Rxc6 Nd2 28. Qd5 Nxf1 29. Bxf1 Ra8 30. d7 1-0

[Event "CZE Czechia-ch U16"]
[Site "Harrachov"]
[Date "2009.10.25"]
[Round "2"]
[White "Sourek, Martin"]
[Black "Tresnak, Filip"]
[Result "1-0"]
[WhiteElo "1774"]
[BlackElo "1838"]
[PlyCount "117"]
[EventDate "2009.10.24"]
[EventType "swiss"]
[EventRounds "9"]
[EventCountry "CZE"]
[SourceTitle "EXT 2012"]
[Source "ChessBase"]
[SourceDate "2011.11.24"]
[SourceVersion "1"]
[SourceVersionDate "2011.11.24"]
[SourceQuality "1"]

1. e4 c5 2. Nc3 Nc6 3. f4 e6 4. Nf3 a6 5. a4 Qc7 6. g3 d6 7. Bc4 Nf6 8. d3 Be7 9. Be3 b6 10. Qe2 Bb7 11. Bf2 Na5 12. Nd2 d5 13. exd5 exd5 14. Ba2 0-0-0 15. 0-0-0 Kb8 16. Rhe1 Rhe8 17. Nb3 Nxb3+ 18. Bxb3 Bd6 19. Qf1 d4 20. Nb1 Ng4 21. Bg1 Qd7 22. Nd2 b5 23. axb5 axb5 24. Ne4 Bxe4 25. dxe4 c4 26. Bxc4 bxc4 27. Qxc4 Qb7 28. Rxd4 Rc8 29. Qd5 Rc6 30. Red1 Rec8 31. R4d2 Qa6 32. Kb1 R8c7 33. Qa2 Qxa2+ 34. Kxa2 Bc5 35. Bxc5 Rxc5 36. c3 Ne3 37. Re1 Nc4 38. Rd3 Ra5+ 39. Kb1 Rb7 40. b4 Ra3 41. Red1 Rb3+ 42. Kc1 Na3 43. h4 Rc7 44. Kd2 Rb2+ 45. Ke3 Rc2 46. Ra1 R2xc3 47. Rxa3 Rc1 48. e5 Rg1 49. Ke4 Rc4+ 50. Rd4 Rc2 51. Rd7 Rc4+ 52. Kf3 Rxb4 53. Rxf7 h5 54. Rxg7 Rf1+ 55. Ke2 Rc1 56. Ke3 Rb2 57. Kf3 Rf1+ 58. Ke4 Rb4+ 59. Kf5 1-0

[Event "CZE-ch U14"]
[Site "Sec u Chrudimi"]
[Date "2008.11.01"]
[Round "9"]
[White "Balacek, Tadeas"]
[Black "Tresnak, Filip"]
[Result "1-0"]
[WhiteElo "2010"]
[BlackElo "1850"]
[PlyCount "77"]
[EventDate "2008.10.25"]
[EventType "swiss"]
[EventRounds "9"]
[EventCountry "CZE"]
[SourceTitle "EXT 2022"]
[Source "ChessBase"]
[SourceDate "2021.10.06"]
[SourceVersion "1"]
[SourceVersionDate "2021.10.06"]
[SourceQuality "1"]

1. d4 f5 2. c4 Nf6 3. Nc3 g6 4. g3 Bg7 5. Bg2 0-0 6. Nh3 d6 7. d5 Qe8 8. Nf4 Na6 9. 0-0 Bd7 10. Re1 Ng4 11. Nd3 Ne5 12. Nxe5 dxe5 13. f4 e4 14. a3 Nc5 15. Qc2 a5 16. b3 Bd4+ 17. e3 Bg7 18. Bb2 b6 19. Bf1 a4 20. b4 Nb3 21. Rad1 Qf7 22. Ne2 Rfb8 23. Bxg7 Qxg7 24. Nd4 Nxd4 25. Rxd4 Qf6 26. c5 Kg7 27. c6 Bc8 28. b5 Qd6 29. Qc3 Kh6 30. Qb4 Qc5 31. Red1 e6 32. Qxc5 bxc5 33. R4d2 exd5 34. Rxd5 c4 35. Re5 Kg7 36. Bxc4 Kf6 37. Rd8 Rb6 38. Ree8 Rbb8 39. Kf2 1-0

[Event "CZE-ch U14"]
[Site "Sec u Chrudimi"]
[Date "2008.10.30"]
[Round "7"]
[White "Tresnak, Filip"]
[Black "Slampa, Jan"]
[Result "1/2-1/2"]
[WhiteElo "1850"]
[BlackElo "1652"]
[PlyCount "49"]
[EventDate "2008.10.25"]
[EventType "swiss"]
[EventRounds "9"]
[EventCountry "CZE"]
[SourceTitle "EXT 2022"]
[Source "ChessBase"]
[SourceDate "2021.10.06"]
[SourceVersion "1"]
[SourceVersionDate "2021.10.06"]
[SourceQuality "1"]

1. c4 Nf6 2. Nc3 g6 3. e4 d6 4. d4 Bg7 5. Be2 0-0 6. Bg5 Nbd7 7. g4 c5 8. d5 Ne5 9. f3 a6 10. Qd2 Bd7 11. h4 Rb8 12. a4 Qc7 13. b3 Qa5 14. Nd1 Qxd2+ 15. Bxd2 b5 16. axb5 axb5 17. Ne3 b4 18. Nh3 Bc8 19. Nf2 Bb7 20. 0-0 e6 21. Ra7 exd5 22. cxd5 h6 23. Rfa1 Ra8 24. Rxa8 Rxa8 25. Rxa8+ 1/2-1/2

[Event "CZE-ch U14"]
[Site "Sec u Chrudimi"]
[Date "2008.10.25"]
[Round "1"]
[White "Tresnak, Filip"]
[Black "Kopriva, Martin"]
[Result "1-0"]
[WhiteElo "1850"]
[BlackElo "1384"]
[PlyCount "21"]
[EventDate "2008.10.25"]
[EventType "swiss"]
[EventRounds "9"]
[EventCountry "CZE"]
[SourceTitle "EXT 2022"]
[Source "ChessBase"]
[SourceDate "2021.10.06"]
[SourceVersion "1"]
[SourceVersionDate "2021.10.06"]
[SourceQuality "1"]

1. c4 c5 2. Nc3 Nc6 3. Nf3 Nf6 4. d4 e6 5. d5 exd5 6. cxd5 Ne7 7. d6 Nc6 8. e4 Qb6 9. e5 Ng4 10. Nd5 Qa5+ 11. Bd2 1-0

[Event "CZE-ch U14"]
[Site "Sec u Chrudimi"]
[Date "2008.03.11"]
[Round "5"]
[White "Tresnak, Filip"]
[Black "Braun, Marek"]
[Result "1-0"]
[WhiteElo "1741"]
[BlackElo "2101"]
[PlyCount "87"]
[EventDate "2008.03.08"]
[EventType "swiss"]
[EventRounds "9"]
[EventCountry "CZE"]
[SourceTitle "EXT 2009"]
[Source "ChessBase"]
[SourceDate "2008.11.26"]
[SourceVersion "1"]
[SourceVersionDate "2008.11.26"]
[SourceQuality "1"]

1. d4 d5 2. c4 c6 3. Nc3 Nf6 4. Nf3 e6 5. Bg5 Nbd7 6. e3 Be7 7. Bd3 0-0 8. 0-0 h6 9. Bh4 dxc4 10. Bxc4 b5 11. Bd3 a6 12. Rc1 Bb7 13. Bb1 Re8 14. Bxf6 Nxf6 15. Ne4 Nxe4 16. Bxe4 Rc8 17. Ne5 Qb6 18. Qh5 Rf8 19. Nd7 Qc7 20. Nxf8 Bxf8 21. Rfd1 Qd7 22. Qe2 Bd6 23. g3 f5 24. Bg2 Qf7 25. Rc2 g5 26. Rdc1 Qd7 27. e4 f4 28. e5 Be7 29. Qe4 Kg7 30. Bf3 Qe8 31. Qd3 fxg3 32. fxg3 h5 33. Qe2 Qd7 34. Qe4 g4 35. Bg2 Ba8 36. Qf4 Rf8 37. Qd2 c5 38. dxc5 Bxc5+ 39. Kh1 Qxd2 40. Rxd2 Be3 41. Rd7+ Kh6 42. Re1 Bf3 43. Rxe3 Bd5 44. Bxd5 1-0

[Event "CZE-ch U14"]
[Site "Sec u Chrudimi"]
[Date "2008.03.10"]
[Round "4"]
[White "Musil, Jiri"]
[Black "Tresnak, Filip"]
[Result "0-1"]
[WhiteElo "1610"]
[BlackElo "1741"]
[PlyCount "142"]
[EventDate "2008.03.08"]
[EventType "swiss"]
[EventRounds "9"]
[EventCountry "CZE"]
[SourceTitle "EXT 2009"]
[Source "ChessBase"]
[SourceDate "2008.11.26"]
[SourceVersion "1"]
[SourceVersionDate "2008.11.26"]
[SourceQuality "1"]

1. e4 c6 2. d4 d5 3. e5 Bf5 4. Bd3 Bxd3 5. Qxd3 Nd7 6. Ne2 e6 7. Be3 c5 8. c3 c4 9. Qc2 Ne7 10. Ng3 Qc7 11. Na3 a6 12. f4 g6 13. h3 Nc6 14. Nb1 Be7 15. Bf2 b5 16. Nd2 Nb6 17. Nf3 a5 18. Ne2 b4 19. g4 h5 20. Rg1 hxg4 21. hxg4 0-0-0 22. f5 gxf5 23. gxf5 Rdg8 24. Rxg8+ Rxg8 25. Nf4 Rg4 26. Qd2 exf5 27. Ke2 Bf8 28. Rh1 Qd8 29. Nh5 Nd7 30. Ng3 f4 31. Nf5 Kc7 32. Rh4 Rxh4 33. Bxh4 Qe8 34. Qxf4 Kb7 35. Kf2 Ka8 36. Ne3 Nb6 37. Ng5 Nd8 38. Qf6 Kb7 39. Nf5 bxc3 40. bxc3 Nc8 41. Nh7 Ne6 42. Ng5 Nd8 43. Ke3 Ka7 44. Nh7 Ne6 45. Nxf8 Nxf8 46. Nh6 Ng6 47. Qd8 Qe6 48. Kf2 Nxh4 49. Qxh4 Qg6 50. Qf4 Qc2+ 51. Kf1 Qd1+ 52. Kg2 Qe2+ 53. Qf2 Qe4+ 54. Kh2 Kb6 55. a4 Ka6 56. Nxf7 Qh7+ 57. Kg3 Qg6+ 58. Kh4 Qh7+ 59. Kg5 Qg7+ 60. Kh5 Qh7+ 61. Nh6 Qb1 62. Qf5 Qh1+ 63. Kg6 Ne7+ 64. Kf6 Nxf5 65. Nxf5 Qh8+ 66. Kf7 Qh5+ 67. Kf6 Kb7 68. e6 Kc7 69. e7 Kd7 70. Ng7 Qh4+ 71. Kg6 Qxe7 0-1

[Event "CZE-ch U14"]
[Site "Sec u Chrudimi"]
[Date "2007.10.24"]
[Round "6"]
[White "Tresnak, Filip"]
[Black "Braun, Marek"]
[Result "1/2-1/2"]
[WhiteElo "1734"]
[BlackElo "1995"]
[PlyCount "35"]
[EventDate "2007.10.20"]
[EventType "swiss"]
[EventRounds "9"]
[EventCountry "CZE"]
[SourceTitle "EXT 2022"]
[Source "ChessBase"]
[SourceDate "2021.10.06"]
[SourceVersion "1"]
[SourceVersionDate "2021.10.06"]
[SourceQuality "1"]

1. d4 d5 2. c4 c6 3. Nc3 Nf6 4. Nf3 e6 5. Bg5 Nbd7 6. e3 Be7 7. Bd3 0-0 8. 0-0 dxc4 9. Bxc4 b5 10. Bd3 Bb7 11. Rc1 a6 12. Bb1 Rc8 13. Qe2 c5 14. Rfd1 Qa5 15. dxc5 Bxf3 16. Qxf3 Nxc5 17. Qh3 h6 18. Bxh6 1/2-1/2

[Event "CZE-ch U14"]
[Site "Sec u Chrudimi"]
[Date "2007.10.22"]
[Round "4"]
[White "Tresnak, Filip"]
[Black "Krasny, Drahomir"]
[Result "1-0"]
[WhiteElo "1734"]
[BlackElo "1500"]
[PlyCount "105"]
[EventDate "2007.10.20"]
[EventType "swiss"]
[EventRounds "9"]
[EventCountry "CZE"]
[SourceTitle "EXT 2022"]
[Source "ChessBase"]
[SourceDate "2021.10.06"]
[SourceVersion "1"]
[SourceVersionDate "2021.10.06"]
[SourceQuality "1"]

1. d4 d5 2. c4 e6 3. Nc3 Nf6 4. Nf3 Bb4 5. Bg5 Bxc3+ 6. bxc3 c6 7. cxd5 cxd5 8. e3 Qa5 9. Bxf6 gxf6 10. Qd2 Nc6 11. g3 e5 12. Bg2 e4 13. Nh4 Qb5 14. a4 Qa6 15. Bf1 Qb6 16. Qa2 Qa5 17. Qa3 Ne7 18. Bb5+ Bd7 19. Bxd7+ Kxd7 20. Qb4 Qxb4 21. cxb4 Nc6 22. b5 Nb4 23. 0-0 b6 24. Ng2 Rhc8 25. Nf4 Kd6 26. Rac1 Na2 27. Rxc8 Rxc8 28. Ra1 Nc3 29. a5 Nxb5 30. axb6 axb6 31. Rb1 Kc6 32. Nxd5 Kxd5 33. Rxb5+ Kc6 34. Rf5 b5 35. Rxf6+ Kd5 36. Rxf7 b4 37. Rxh7 b3 38. Rb7 Kc4 39. h4 Kc3 40. Kg2 Kc2 41. g4 b2 42. Kg3 b1Q 43. Rxb1 Kxb1 44. Kf4 Rf8+ 45. Kxe4 Rxf2 46. h5 Rh2 47. d5 Kc2 48. d6 Kc3 49. Ke5 Rh3 50. e4 Kc4 51. d7 Rd3 52. Ke6 Rd4 53. e5 1-0